[Event "Sachsen-ch U08"]
[Site "Sebnitz"]
[Date "2011.04.27"]
[Round "2"]
[White "Schubert, Valentin"]
[Black "Ambach Salazar, Leonhard"]
[Result "1-0"]
[WhiteElo "896"]
[BlackElo "798"]
[PlyCount "83"]
[EventDate "2011.04.26"]
[EventType "swiss"]
[EventRounds "7"]
[EventCountry "GER"]
[SourceTitle "EXT 2012"]
[Source "ChessBase"]
[SourceDate "2011.11.24"]
[SourceVersion "1"]
[SourceVersionDate "2011.11.24"]
[SourceQuality "1"]

1. e4 e5 2. Nf3 Nc6 3. Bc4 Nf6 4. Nc3 Bc5 5. d3 0-0 6. Bg5 h6 7. Bh4 g5 8. Bg3 Ng4 9. h3 Nf6 10. Bxe5 Qe7 11. Bxf6 Qxf6 12. Nd5 Qd6 13. 0-0 a6 14. Re1 b5 15. Bb3 Bb7 16. e5 Qg6 17. Nf6+ Kg7 18. Nxd7 Rfd8 19. Nxc5 Bc8 20. d4 Na5 21. Qd3 Nxb3 22. Qxg6+ Kxg6 23. Nxb3 Rd5 24. Na5 b4 25. Nc6 Kg7 26. Nxb4 Rd8 27. Rad1 a5 28. Nc6 Re8 29. d5 Bb7 30. b3 Bxc6 31. dxc6 Red8 32. Rxd8 Rxd8 33. e6 fxe6 34. Rxe6 Rd1+ 35. Kh2 Kf7 36. Rxh6 Ra1 37. Rh7+ Kg6 38. Rxc7 Rxa2 39. Ra7 Rxc2 40. c7 g4 41. hxg4 Kf7 42. c8R+ 1-0